| 000 | 00848nam a2200229 a 4500 | ||
|---|---|---|---|
| 001 | 44805 | ||
| 003 | BD-RjUL | ||
| 005 | 20211209053924.0 | ||
| 008 | 160720s1993 ii a|||| |||| 00| e ben d | ||
| 020 |
_a8173320268 _c : Tk. 75.00 |
||
| 035 | _a(BD-RjUL)44923 | ||
| 040 |
_aBD-RjUL _bben _cBD-RjUL |
||
| 041 | _aben | ||
| 082 |
_223 _bBOO 1993 _a891.4414 |
||
| 100 |
_aবসু, নিতাই _9126845 |
||
| 245 |
_aঅনন্য রবীন্দ্রনাথ / _c নিতাই বসু |
||
| 260 |
_aকলকাতা : _bসন্দীপ নায়ক, _c১৪০০ |
||
| 300 |
_a৩৫৬ পৃ. : _bচিএাবলি ; _c২২ সেমি. |
||
| 600 |
_aঠাকুর, রবীন্দ্রনাথ _c১৮৬১-১৯৪১ _9137368 |
||
| 600 |
_aTagore, Rabindranath _c1861-1941 _9137369 |
||
| 942 |
_2ddc _cBK _01 |
||
| 999 |
_c44805 _d44805 |
||